Religious rules, state law, and normative pluralism: a comparative overview

Αποθηκεύτηκε σε:
Λεπτομέρειες βιβλιογραφικής εγγραφής
Κύριοι συγγραφείς: Bottoni, Rossella (Συγγραφέας), Cristofori, Rinaldo (Συγγραφέας), Ferrari, Silvio (Συγγραφέας)
Μορφή: Βιβλίο
Γλώσσα:Αγγλικά
Έκδοση: s.l Springer 2016
Έκδοση:1a. ed
Σειρά:Ius Comparatum - Global Studies in Comparative Law, 18
Θέματα:
Ετικέτες: Προσθήκη ετικέτας
Δεν υπάρχουν, Καταχωρήστε ετικέτα πρώτοι!

MARC

LEADER 00000cam a2200000 a 4500
001 UCC6784
003 CL-VaPUC
008 190111e20160000sz |||||||||||||||||eng|d
020 |a 9783319283333 
082 0 4 |a 201.72  |b BOT  |2 21 
100 0 |a Bottoni, Rossella  |e author  |9 601285 
700 0 |a Cristofori, Rinaldo  |e author  |9 601286 
700 0 |a Ferrari, Silvio  |e author  |9 601287 
245 1 0 |a Religious rules, state law, and normative pluralism: a comparative overview 
250 |a 1a. ed 
300 |a 420 p 
942 |c BK 
945 |d 20190111 14:04:00  |a dcastane 
260 |a s.l  |b Springer  |c 2016 
650 0 |a Religión y derecho  |9 313171 
650 0 |a Pluralismo religioso  |9 393164 
583 |a last modification  |c 20190111 14:04:00  |k Rodrigo Vera 
490 0 |a Ius Comparatum - Global Studies in Comparative Law, 18 
999 |c 373640  |d 373638 
952 |0 0  |1 0  |3 erd  |4 0  |6 201_720000000000000_BOT_2016  |7 0  |8 A  |9 491834  |a BIBDER  |b BIBDER  |i 5528186  |o 201.72 BOT 2016  |p 5528186  |r 2023-01-25  |w 2019-11-24  |y BK  |z Catalogado en:20190111  |k DER